What's closer? - Statistics

General Stats
  • This quiz has been taken 743 times
  • The average score is 9 of 15
Answer Stats
Question Answer % Correct
What is closer to Sydney? Auckland
78%
What is closer to London? Paris
77%
What is closer to Washington D.C.? Boston
74%
What is closer to Chicago? Montreal
74%
What is closer to Lima? Caracas
73%
What is closer to Lagos? Dakar
68%
What is closer to Dhaka? Delhi
61%
What is closer to Singapore? Jakarta
60%
What is closer to Budapest? Belgrade
55%
What is closer to Jerusalem? Istanbul
55%
What is closer to Johannesburg? Dar es Salaam
54%
What is closer to Seoul? Beijing
49%
What is closer to Mexico City? Miami
46%
What is closer to Berlin? Moscow
45%
What is closer to Barcelona? Rome
45%
No matching quizzes found
Score Distribution
Percent of People with Each Score
Percentile by Number Answered
Your Score History
You have not taken this quiz